Statistics for Countries with top 100 male tennis players

Click here to take the quiz!

General Stats

  • This quiz has been taken 50 times
  • The average score is 23 of 31

Answer Stats

# of playersAnswer% Correct
10France
96%
6Spain
93%
4Serbia
91%
12USA
91%
1Canada
89%
7Italy
89%
8Argentina
87%
7Australia
87%
1China
87%
4UK
87%
5Germany
85%
2Japan
83%
6Russia
83%
1Brazil
78%
1Poland
78%
3Austria
76%
2Netherlands
74%
1Portugal
74%
1Switzerland
74%
1Greece
72%
1Norway
72%
2Chile
70%
3Czechia
70%
1Croatia
67%
1Denmark
65%
1Bulgaria
63%
1Finland
61%
2Hungary
61%
1Colombia
52%
1India
52%
2Kazakhstan
28%

Score Distribution

Percentile by Number Answered

Percent of People with Each Score

Your Score History

You have not taken this quiz